000
00218nam a2200097Ia 4500
008
190216s9999||||xx |||||||||||||| ||und||
100
_a
Thomas K K
245
0
_a
Malayalam-Thapass
260
_b
Current Books
942
_c
BK
999
_c
30329
_d
30329